000
00262nam a22001097a 4500
082
_a
629.13338 HAL'R
100
_a
HALEY, ANDREW G
_9
58957
245
_a
ROCKETRY AND SPACE EXPLORATION
260
_a
NEWYORK
_b
D. VAN NOSTRAND
_c
1958
300
_a
334P
942
_c
BK
999
_c
569023
_d
569023